• 首页
  • 本馆介绍
  • 公告通知
  • 最新文献
  • 馆藏检索
  • 电子资源
  • 读者导购
  • 参考咨询
  • 我的图书馆
  • 登录
  • 详细信息显示
  • 放入我的书架
  • 预约/预借图书
  • 作者相关作品
  • 分类相关作品
  • 丛书相关作品
  • 出版社相关作品

书目信息

  • 表格格式
  • 工作单格式
  • 卡片格式
题名:
藏在汉字里的古代博物志
    
 
作者: 许晖 著
分册:  
出版信息: 北京   化学工业出版社  2020.6
页数: 310页
开本: 22cm
丛书名:
单 册:
中图分类: H12 , N092
科图分类:
主题词: 汉字--han zi--研究 , 自然科学史--zi ran ke xue shi--研究--中国--古代
电子资源:
ISBN: 978-7-122-36481-4
000 00880nam0 2200265 450
001 2161453212
005 20210930094224.0
010    @a978-7-122-36481-4@b精装@dCNY68.00
100    @a20200727d2020 em y0chiy0120 ea
101 0  @achi
102    @aCN@b110000
105    @aa z 000yy
106    @ar
200 1  @a藏在汉字里的古代博物志@Acang zai han zi li de gu dai bo wu zhi@f许晖著
210    @a北京@c化学工业出版社@d2020.6
215    @a310页@c图@d22cm
300    @a汉字里的中国
330    @a本书把101个汉字分为动物、植物、自然、农事、舆地五个专题,从“远取诸物”的造字原则入手,讲解古人眼中的万物,以及他们丰赡的博物知识。
606 0  @a汉字@Ahan zi@x研究
606 0  @a自然科学史@Azi ran ke xue shi@x研究@y中国@z古代
690    @aH12@v5
690    @aN092@v5
701  0 @a许晖@Axu hui@f(1969- )@4著
801  0 @aCN@b百万庄@c20210928
905    @b1302642-45@dH12@e212@f4
    
    藏在汉字里的古代博物志/许晖著.-北京:化学工业出版社,2020.6
    310页:图;22cm
    汉字里的中国
    
    ISBN 978-7-122-36481-4(精装):CNY68.00
    本书把101个汉字分为动物、植物、自然、农事、舆地五个专题,从“远取诸物”的造字原则入手,讲解古人眼中的万物,以及他们丰赡的博物知识。
●
相关链接 在E读中查询图书 在五车中查询图书 在当当中查询图书 在豆瓣中查询图书


正题名:藏在汉字里的古代博物志     索取号:H12/212         预约/预借

序号 登录号 条形码 馆藏地/架位号 状态 备注
1 1302642   213026429   第二样本阅览室/ [索取号:H12/212] 在馆    
2 1302643   213026438   第四借阅区/ [索取号:H12/212] 在馆    
3 1302644   213026447   第四借阅区/ [索取号:H12/212] 在馆    
4 1302645   213026456   第四借阅区/ [索取号:H12/212] 在馆    
唐山师范学院图书馆 欢迎您!
大连网信软件有限公司© 版权所有